| 000 | 00992nam a2200229 a 4500 | ||
|---|---|---|---|
| 003 | SISC | ||
| 005 | 20160822110753.0 | ||
| 008 | 121025s19uu xx 00 eng d | ||
| 020 | _a9780415591089 | ||
| 050 |
_aGV 464.5 _b.C35 2012 |
||
| 100 | _aCarroll, Maggie. | ||
| 245 |
_aDeveloping physical health, fitness and well-being through gymnastics (7-11) : _ba session-by-session approach / _cMaggie Carroll, Jackie Hannay. |
||
| 250 | _a3rd edition. | ||
| 260 |
_aMilton Park, Abingdon, Oxon ; New York, NY : _bRoutledge, _c2012. |
||
| 300 |
_av, 232 pages : _bcol. ill. ; _c24 cm. |
||
| 520 | _aThis practical and easy-to-use teacher's guide is the brand new edition of the popular workbook Gymnastics 7-11. It takes a session-by-session approach to teaching physical development and well-being through gymnastics for the 7-11 age range. | ||
| 650 | _aGymnastics for children. | ||
| 650 | _aMovement education | ||
| 700 | _aHannay, Jackie | ||
| 942 |
_cBK _2lcc _kFOR |
||
| 999 |
_c22223 _d22223 |
||